LEADER 01154nam a2200241 i 4500 001 000000119899 003 CaOOAMICUS 005 20050217000000.0 008 050217s1985 it u000 u ita u 013 $a92593 040 $aSeMil$bita 100 1 $aCajani, Franco,$d<1943- >.$0(OLS)http://semarc/name/7141 245 13$aLa chiesa di S. Ambrogio e l'annesso monastero dell'Annunziata a Seregno /$cFranco Cajani. 260 $aBesana Brianza (MI) :$bEdizioni GR,$ccopyr. 1985. 300 $a147 p. :$briccamente ill. ;$c25 cm. 500 $aIn preliminari : Dedica Autografa dell'Autore a Mons. Bernardo Citterio. 650 4$aSeregno - Chiese - Sant'Ambrogio.$0(OLS)http://semarc/subject/46104 650 4$aSeregno - Monastero dell' Annunciata (ex).$0(OLS)http://semarc/subject/22500 850 $aSeMil 852 $aSeMil$W1$xVenegono$y1$m3P II 292$j75106$B75106$CSeMilBibl$Z2$F93086 $81 961 $aLascito: Citterio Ecc. Bernardo 996 $6245$aLa chiesa di S. Ambrogio e l'annesso monastero dell'Annunziata a Seregno$9(OLS)http://semarc/title/176342 996 $6260$aBesana Brianza (MI) :$bEdizioni GR$9(OLS)http://semarc/publisher/39727 LEADER 01395nam a2200301 i 4500 001 000000072284 003 CaOOAMICUS 005 20260410133302.0 008 140904s1999 it u000 u ita u 013 $a43456 020 $a88-384-4178-2 040 $aSeMil$bita 100 1 $aFitzmyer, Joseph A.,$c.$0(OLS)http://semarc/name/89779 240 10$aRomans.$0(OLS)http://semarc/title/25420 245 10$aLettera ai Romani :$bcommentario critico-teologico /$cJoseph A. Fitzmyer ; traduzione di Enzo Gatti ; edizione italiana a cura di Antonio Pitta. 260 $aCasale Monferrato (AL) :$bPiemme,$c1999. 300 $a928 p. ;$c23 cm. 650 4$aBibbia. Nuovo Testamento. Lettera ai Romani - Commentari, studi, critica, interpretazioni.$0(OLS)http://semarc/subject/31 700 1 $aGatti, Enzo.$0(OLS)http://semarc/name/2575 700 1 $aPitta, Antonio,$c.$0(OLS)http://semarc/name/20188 850 $aSeMil 852 $aSeMil$W1$xVenegono$y1$m2V IV 52$j270054$B38437$CSeMilBibl$Z2$F38440 $81 941 1 $a4 961 $aOmaggio: Martini Card. Carlo Maria 996 $6020$a88-384-4178-2$9(OLS)http://semarc/number/51563 996 $6245$aLettera ai Romani :$bcommentario critico-teologico$9(OLS)http://semarc/title/116475 996 $6260$aCasale Monferrato (AL) :$bPiemme$9(OLS)http://semarc/publisher/30052